Tadhkira-yi Muqīm-i khānī : Sayr-i tārīkhī, farhangī u ijtimāʿi-yi Mā warāʾ al-nahr dar ʿahd-i Shībāniyān u Ashtarkhāniyān /

Throughout history, the lands of Central Asia have seen empires come and go. A case in point is Transoxania, a region roughly situated between the Oxus and Jaxartes rivers. After the death of Genghis Khan in 1227, Transoxania became part of the Chagatai khanate, following which it was first ruled by...

وصف كامل

محفوظ في:

المؤلف الرئيسي: Munshī, Muḥammad (مؤلف)

مؤلفون آخرون: Ṣarrāfān, Firishta (المحرر)

التنسيق: كتاب الكتروني

اللغة: English
Arabic
Persian

منشور في: Leiden; Boston : BRILL, [2019]

سلاسل: Miras Maktoob, ISBN: 9789004365452.

الموضوعات:

الوصول للمادة أونلاين: Login to view Source

الوسوم: إضافة وسم

لا توجد وسوم, كن أول من يضع وسما على هذه التسجيلة!

رقم الطلب: DK856 .M84 2001

LEADER 03597nam a22005651i 4500
001 BRILL9789004402294
003 nllekb
005 20211118221538.0
006 m d
007 cr un uuuua
008 200305t20192001ne sb 001 0 eng d
010 |a  2002362401 
020 |a 9789004402294  |q (electronic book) 
020 |a 9789646781498  |q (print) 
024 7 |a 10.1163/9789004402294  |2 DOI 
035 |a (OCoLC)756386658 
040 |a NL-LeKB  |c NL-LeKB  |e rda 
041 0 |a ara  |a per  |b eng 
043 |a ac-----  |a a-uz--- 
050 4 |a DK856  |b .M84 2001 
072 7 |a HBJF1  |2 bicssc 
072 7 |a HIS  |x 003000  |2 bisacsh 
072 7 |a HIS  |x 026000  |2 bisacsh 
082 0 4 |a 398.209587  |2 22 
100 1 |6 880-01  |a Munshī, Muḥammad,  |e author. 
880 0 |6 100-01/(3/r  |a محمد يوسف بن خواجه بقا,  |e author.‪ 
245 1 0 |6 880-02  |a Tadhkira-yi Muqīm-i khānī :  |b Sayr-i tārīkhī, farhangī u ijtimāʿi-yi Mā warāʾ al-nahr dar ʿahd-i Shībāniyān u Ashtarkhāniyān /  |c by Muḥammad Munshī ; (Edited by) Firishta Ṣarrāfān. 
880 1 0 |6 245-02/(3/r  |a تذکره مقیم خانی (سیر تاریخی، فرهنگی و اجتماعی ماوراءالنهر در عهد شیبانیان و اشترخانیان) /  |c by محمد يوسف منشي ; (Edited by) فرشته صرافان. 
246 3 |a Sayr-i tārīkhī, farhangī u ijtimāʿi-yi Mā warāʾ al-nahr dar ʿahd-i Shībāniyān u Ashtarkhāniyān 
264 1 |a Leiden;   |a Boston :  |b BRILL,  |c [2019] 
264 4 |c ©2001 
300 |a 1 online resource. 
336 |a text  |b txt  |2 rdacontent 
337 |a computer  |b c  |2 rdamedia 
338 |a online resource  |2 rdacarrier 
490 1 |a Miras Maktoob, ISBN: 9789004365452 
520 |a Throughout history, the lands of Central Asia have seen empires come and go. A case in point is Transoxania, a region roughly situated between the Oxus and Jaxartes rivers. After the death of Genghis Khan in 1227, Transoxania became part of the Chagatai khanate, following which it was first ruled by the Timurids and then by the Shibanids and the Janids (Ashtarkhanids) as the khanate of Bukhara. At the beginning of the 18th century, Janid power over the khanate of Bukhara had declined to the point that a local leader called Muḥammad Muqīm Bahādur Khān (d. 1119/1707) declared himself independent in Balkh in 1114/1702. His reign was short-lived and he was summarily executed in 1119/1707. The present volume describes the history of the Shibanids, the Janids and the coming-to-power of Muqīm Bahādur Khān until the year 1116/1704. Its author, Bahādur's secretary Muḥammad Munshī, intended to write a sequel, which has, however, never been found. 
546 |a Arabic and Persian. 
588 |a Description based on print version record. 
650 0 |a Uzbeks  |x History  |y Early works to 1800. 
651 0 |a Asia, Central  |x History  |y Early works to 1800. 
651 0 |a Transoxiana  |x History  |y Early works to 1800. 
700 1 |6 880-03  |a Ṣarrāfān, Firishta,  |e editor. 
880 1 |6 700-03/(3/r  |a صرافان، فرشته,  |e editor. 
776 0 8 |i Print version:  |t Tadhkira-yi Muqīm-i khānī : Sayr-i tārīkhī, farhangī u ijtimāʿi-yi Mā warāʾ al-nahr dar ʿahd-i Shībāniyān u Ashtarkhāniyān.  |d Leiden ; Boston : BRILL, 2019  |z 9789646781498  |z (OCoLC)47962286 
830 0 |a Miras Maktoob, ISBN: 9789004365452. 
856 4 |z DOI:   |u http://dx.doi.org/10.1163/9789004402294 
942 |2 lcc  |c EBOOK 
952 |0 0  |1 0  |2 lcc  |4 0  |7 1  |9 22412  |a BRILL  |b BRILL  |d 2021-11-18  |l 0  |r 2021-11-18 00:00:00  |w 2021-11-18  |y EBOOK 
999 |c 39886  |d 39886